Statistics for Rugby World Cup 2019 Pools

Click here to take the quiz!

General Stats

  • This quiz has been taken 246 times
  • The average score is 18 of 20

Answer Stats

PoolCountry% Correct
Pool BNew Zealand
100%
Pool AScotland
100%
Pool DAustralia
99%
Pool CEngland
99%
Pool AIreland
99%
Pool DWales
99%
Pool CFrance
98%
Pool CUnited States
97%
Pool BItaly
96%
Pool BSouth Africa
96%
Pool AJapan
95%
Pool DFiji
94%
Pool ASamoa
91%
Pool CArgentina
90%
Pool BCanada
90%
Pool CTonga
90%
Pool ARussia
81%
Pool BNamibia
70%
Pool DUruguay
68%
Pool DGeorgia
66%

Score Distribution

Percentile by Number Answered

Percent of People with Each Score

Your Score History

You have not taken this quiz